Normal view MARC view
  • Radio regulations additional radio regulations additional protocol resolutions and recommendations

Entry Topical Term

Number of records used in: 1

001 - CONTROL NUMBER

  • control field: 105294

003 - CONTROL NUMBER IDENTIFIER

  • control field: NUST

005 - DATE AND TIME OF LATEST TRANSACTION

  • control field: 20221220103707.0

008 - FIXED-LENGTH DATA ELEMENTS

  • fixed length control field: 221220|| aca||aabn | a|a d

040 ## - CATALOGING SOURCE

  • Original cataloging agency: NUST
  • Transcribing agency: NUST

150 ## - HEADING--TOPICAL TERM

  • Topical term or geographic name entry element: Radio regulations additional radio regulations additional protocol resolutions and recommendations

670 ## - SOURCE DATA FOUND

  • Source citation: Work cat.: (NUST)183161: The administrative radio conference 105293, Radio regulations additional radio regulations additional protocol :, 1959
© 2023 Central Library, National University of Sciences and Technology. All Rights Reserved.